Cargando...
النقد الأدبي في العصر المملوكي
| Autor principal: | |
|---|---|
| Formato: | Printed Book |
| Lenguaje: | Arabic |
| Publicado: |
دار الفكر العربي
1991
|
| LEADER | 00475nam a22001217a 4500 | ||
|---|---|---|---|
| 008 | 190305b ||||| |||| 00| 0 ara d | ||
| 999 | |c 332358 |d 332358 | ||
| 082 | |a 809 | ||
| 100 | |a عبده عبد العزيز قلقيله | ||
| 245 | |a النقد الأدبي في العصر المملوكي | ||
| 260 | |a دار الفكر العربي |c 1991 | ||
| 942 | |c BK | ||
| 952 | |0 0 |1 0 |2 ddc |4 0 |6 809_000000000000000 |7 0 |9 379202 |a ARA |b ARA |c ST1 |d 2019-03-05 |i 10614 |l 0 |o 809 |p ara10614 |r 2019-03-05 |w 2019-03-05 |y BK | ||